00436pab a2200157 454500008004000000100001400040245007100054260000900125300001200134362000800146650002600154650002100180650003200201700002000233773002500253180718b2018 xxu||||| |||| 00| 0 eng d aHuang, Xi aWelcoming cities: immigration policy at the local government level c2018 ap.3-32. aJan aLocal government - US aImmigration - US aImmigration and Emmigration aLiu, Cathy Yang aUrban Affairs Review